000 01097nam a22003497a 4500
003 DO-SdBNP
005 20180212155952.0
008 180212b 2000 sp a| 00| 0 spa d
016 _a
017 _a
_b
020 _a9788420441757
035 _a
040 _aBPMSU
_bspa
_cBPMSU
_e
080 _a
082 4 _a853.91
_bF797m
100 1 _aFrabetti, Carlo,
_d1945-
245 1 0 _aMalditas matemáticas :
_bAlicia en el país de los números /
_cCarlo Frabetti ; ilustraciones de Joaquín Marín
_h
246 _b
260 _aMadrid :
_bSantillana ediciones generales,
_c2000.
_g2001.
300 _a135 p. :
_bil.;
_c22 cm
490 1 _aAlfaguara juvenil
650 _aLITERATURA JUVENIL ITALIANAS
650 _aCUENTOS JUVENILES ITALIANOS
650 _aMATEMÁTICAS
_vCUENTOS JUVENILES
700 1 _aMarín, Joaquín,
_eil.
_4
700 _4
_aHigueras Díez, Marta
_eed.
740 _aAlicia en el país de los números
830 0 _aAlfaguara juvenil
942 _2ddc
_cBK
945 _aInventariado, 2018 / BT
956 _aBTAVAREZ
_b10
_d20180212
_fBPMSU
_h0038
999 _c13285
_d13285